01417aam a2200277 i 4500001001000000003001000010005001700020007000300037008004100040020002200081040004800103041000800151082002200159100002900181245005800210264005000268264001200318300003200330336002700362337003300389338002800422505063500450563001501085600001501100653002401115768714001CO-MdFUSB20201027105504.0ta200517t1932 enk |||| |||| 00| 0 eng d a[No incluye ISBN] bspa.aCO-MdFUSBcCO-MdFUSBdCO-MdFUSBCerda aeng 223a232.921bW9191 aWorcester, Elwoodeautor10aStudies in the birth of the Lord c/ Elwood Worcester 1aNew York : bCharles Scribner's Sons,c[1932] 4c© 1932 axvi, 300 páginasc; 21 cm atextobtxt2rdacontent 2rdamediaasin mediaciónbn 2rdacarrieravolumenbnc aEstudios en el nacimiento del Señor - Las narrativas - San Mateo y San Lucas - La motivación de los cuentos del nacimiento - La motivación de la recitación de San Mateo -La motivación bíblica de la narrativa de San Lucas - Palimpsesto siríaco - Los primeros textos - Genealogías - Análisis de la narración de San Lucas - Las fuentes de San Lucas - Expectativas judías del Mesías - El Espíritu Santo - Filón de Alejandría - Los nacimientos de Zoroastro y de Mitra - Influencias budistas - Simeón y Asita - Los Reyes Magos - El Talmud - Toledoth Jeshua - Protoevangeliuim - Una solución provisional aPasta dura07aJesucristo aNacimiento virginal